| 000 | 00515nam a22001457a 4500 | ||
|---|---|---|---|
| 999 |
_c121923 _d121923 |
||
| 005 | 20210413111902.0 | ||
| 008 | 210413b ||||| |||| 00| 0 eng d | ||
| 040 | _cPK-LaUMT | ||
| 082 |
_aRHC 331.8 _bFEA-T |
||
| 100 | _aFeader, Victor = فیدر، وکٹر | ||
| 245 |
_aTrade union ke bunyadi usool = ٹریڈ یونین کے بنیادی اصول / _cby Victor Feader = وکٹر فیدر ; translated by Muhammad Suleman Sabir |
||
| 260 |
_aDehli : _bNational Academy, _c1966 |
||
| 300 | _a147 p. | ||
| 942 | _cBK | ||